[Event "Let's Play Chess!"]
[Site "http://www.queenalice.com/game.php?id=206114"]
[Date "2007.5.4"]
[Round "-"]
[White "skinhead"]
[Black "Sirius"]
[Result "1-0"]
[WhiteElo "1328"]
[BlackElo "1504"]

1. d4 d5 2. c4 dxc4 3. Nf3 b5 4. a4 b4 5. e3 Ba6 6. Qc2 b3 7. Qe4 c6 8. Ne5 Qd5
9. Nc3 Qxe4 10. Nxe4 f6 11. Nxc4 g5 12. Ncd2 Bxf1 13. Kxf1 Na6 14. Nxb3 Rb8 15.
Na5 Nb4 16. Bd2 Nd3 17. Ke2 Nxb2 18. Rhc1 c5 19. Nxc5 e6 20. Ncb7 Be7 21. Rc2
Nxa4 22. Rxa4 f5 23. Rc7 Bd8 24. Nd6+ Kf8 25. Rf7# 1-0

[Event "Let's Play Chess!"]
[Site "http://www.queenalice.com/game.php?id=206254"]
[Date "2007.5.5"]
[Round "-"]
[White "skinhead"]
[Black "Homedepotov"]
[Result "1-0"]
[WhiteElo "1400"]
[BlackElo "1844"]

1. c4 c5 2. Nf3 Nc6 3. d4 cxd4 4. Nxd4 g6 5. e4 Bg7 6. Be3 d6 7. Nc3 Nf6 8. Nxc6
bxc6 9. Be2 O-O 10. O-O Qc7 11. c5 Rd8 12. cxd6 Qxd6 13. Bf4 Qxd1 14. Raxd1 Be6
15. Ba6 Rd7 16. Rxd7 Bxd7 17. Rd1 Kf8 18. Be5 Rd8 19. Bc7 Re8 20. Bc4 Bc8 21.
Bb3 Ba6 22. h3 Rc8 23. Bf4 Ke8 24. Be3 Rc7 25. e5 Nd7 26. e6 fxe6 27. Bxe6 Nf8
28. Bb3 Bc8 29. Re1 Nd7 30. Bf4 Rb7 31. Re6 Rb6 32. Bd6 Bf6 33. Ne4 Kd8 34. Nxf6
exf6 35. Be7+ Kc7 36. Bxf6 Nxf6 37. Rxf6 Kb8 38. Rf7 h5 39. Re7 Bf5 40. f3 h4
41. Kf2 Rb4 42. Re3 a5 43. Re8+ Kb7 44. Re7+ Kb6 45. Re2 a4 46. Bd1 Kc5 47. a3
Rd4 48. Bc2 Bxc2 49. Rxc2+ Kd5 50. Ke3 c5 51. f4 Rd1 52. Kf3 c4 53. Kg4 Rf1 54.
Kxh4 Rxf4+ 55. Kg5 1-0

[Event "Challenge"]
[Site "http://www.queenalice.com/game.php?id=210136"]
[Date "2007.5.12"]
[Round "-"]
[White "skinhead"]
[Black "Hapless"]
[Result "1-0"]
[WhiteElo "1600"]
[BlackElo "1437"]

1. c4 e6 2. g3 d5 3. d4 c5 4. cxd5 exd5 5. Bg2 Nf6 6. Nc3 Nc6 7. dxc5 Bxc5 8.
Nxd5 Nxd5 9. Qxd5 Qxd5 10. Bxd5 O-O 11. Bxc6 bxc6 12. Bd2 Bb7 13. Nf3 Rfd8 14.
Rc1 Be7 15. Rf1 c5 16. Be3 Bxf3 17. exf3 Rdc8 18. Ke2 Re8 19. Rfd1 Rab8 20. b3
a6 21. Rd7 g5 22. Ra7 Ra8 23. Rxa8 Rxa8 24. Bxc5 Bxc5 25. Rxc5 f6 26. Rc6 Kg7
27. b4 Kf7 28. Kd3 a5 29. b5 Rb8 30. b6 Ke8 31. Rxf6 Ke7 32. Rh6 Kd8 33. Ke4 Ke7
34. Kf5 Kf7 35. Rxh7+ Kg8 36. Rh6 Kg7 37. Kxg5 Rg8 38. Rg6+ Kf8 39. Rxg8+ Kxg8
40. b7 1-0

[Event "Challenge"]
[Site "http://www.queenalice.com/game.php?id=211220"]
[Date "2007.5.15"]
[Round "-"]
[White "mogerio"]
[Black "skinhead"]
[Result "0-1"]
[WhiteElo "1341"]
[BlackElo "1658"]

1. e4 c6 2. d4 d5 3. exd5 cxd5 4. Bd3 Nc6 5. Nf3 Bg4 6. Be2 e6 7. h3 Bf5 8. Bd3
Bxd3 9. cxd3 Bb4+ 10. Bd2 Qb6 11. O-O Bd6 12. Nc3 Nge7 13. Ng5 O-O 14. Qh5 h6
15. Rfe1 hxg5 16. Qxg5 Ng6 17. Qh5 Qxb2 18. Re3 Qxa1+ 19. Re1 Qb2 20. Re3 Qxd2
21. g3 Qxc3 22. Rf3 Qa1+ 23. Kg2 Nxd4 24. Re3 Bf4 25. gxf4 Nxf4+ 26. Kg3 Nxh5+
27. Kg4 Qd1+ 28. Rf3 Qxf3+ 29. Kh4 f6 30. a4 Qf4+ 31. Kxh5 Qg5# 0-1

[Event "AUTO-INT-457"]
[Site "http://www.queenalice.com/game.php?id=211700"]
[Date "2007.5.16"]
[Round "1"]
[White "PlinioRegis"]
[Black "skinhead"]
[Result "1-0"]
[WhiteElo "1517"]
[BlackElo "1653"]

1. e4 e5 2. d3 Nc6 3. Nc3 Bb4 4. Bd2 Nf6 5. Nf3 d6 6. Bg5 h6 7. Bh4 Be6 8. Be2
O-O 9. O-O g5 10. a3 Bxc3 11. bxc3 gxh4 12. Nxh4 Nxe4 13. dxe4 Qxh4 14. Bh5 Qxe4
15. f3 Qe3+ 16. Rf2 Qxc3 17. Rb1 b6 18. Qe2 Qxa3 19. Qe4 Nd4 20. f4 Bf5 21. Qd5
Bxc2 22. Rbf1 c6 23. Qc4 b5 24. Qxc2 Nxc2 25. Rxc2 Qe3+ 26. Rcf2 e4 27. f5 Qg5
28. Be2 Rfe8 29. h4 Qxh4 30. g3 Qg5 31. g4 h5 32. Rg2 Qe3+ 33. Kh1 1-0

[Event "AUTO-INT-457"]
[Site "http://www.queenalice.com/game.php?id=211701"]
[Date "2007.5.16"]
[Round "1"]
[White "skinhead"]
[Black "PlinioRegis"]
[Result "1-0"]
[WhiteElo "1657"]
[BlackElo "1529"]

1. d4 d5 2. Nf3 e6 3. c4 c6 4. Nc3 Nf6 5. Bg5 Nbd7 6. e3 Be7 7. Bd3 Ng4 8. Bxe7
Qxe7 9. cxd5 cxd5 10. O-O Ndf6 11. h3 Nh6 12. Qc2 O-O 13. g4 Bd7 14. g5 Nf5 15.
Bxf5 exf5 16. gxf6 Qxf6 17. Nxd5 Qg6+ 18. Kh1 f4 19. Ne7+ Kh8 20. Nxg6+ fxg6 21.
Kg2 fxe3 22. fxe3 Rae8 23. Ne5 Bf5 24. Qc7 g5 25. Nf7+ Kg8 26. Rxf5 Rxe3 27.
Nh6+ gxh6 28. Rxf8+ Kxf8 29. Rf1+ Ke8 30. Rf7 h5 31. Qd7# 1-0

[Event "AUTO-INT-457"]
[Site "http://www.queenalice.com/game.php?id=211712"]
[Date "2007.5.16"]
[Round "1"]
[White "MrRonMosley"]
[Black "skinhead"]
[Result "0-1"]
[WhiteElo "1528"]
[BlackElo "1510"]

1. d4 d5 2. e3 Bf5 3. Bd2 e6 4. Qe2 c6 5. g4 Bxc2 6. Na3 Bxa3 7. bxa3 Nf6 8. Bc3
Be4 9. f3 Bg6 10. Qb2 b6 11. a4 O-O 12. Ne2 c5 13. dxc5 bxc5 14. Ng3 Nc6 15. Qb5
Qd6 16. Be2 Rab8 17. Qa6 Rb6 18. Qxb6 axb6 19. Rb1 Bxb1 20. a3 d4 21. Ne4 Nxe4
22. exd4 Nxc3 23. dxc5 Qxc5 24. Bb5 Qe3+ 25. Kf1 Qxf3+ 26. Kg1 Be4 27. h4 Qg2#
0-1

[Event "AUTO-INT-457"]
[Site "http://www.queenalice.com/game.php?id=211713"]
[Date "2007.5.16"]
[Round "1"]
[White "skinhead"]
[Black "MrRonMosley"]
[Result "1-0"]
[WhiteElo "1542"]
[BlackElo "1528"]

1. c4 g6 2. d4 e6 3. Nf3 c6 4. Bf4 Qb6 5. Qc2 Bb4+ 6. Nc3 Qa6 7. e3 Qa5 8. Bd3
Nf6 9. O-O Ng4 10. h3 Nxf2 11. Rxf2 d6 12. a3 O-O 13. Na2 Na6 14. axb4 Nxb4 15.
Qc3 d5 16. Qxb4 Qxb4 17. Nxb4 dxc4 18. Bxc4 b5 19. Bd3 a5 20. Nxc6 Ba6 21. Bd6
b4 22. Bxf8 Bxd3 23. Bxb4 Ra6 24. Nxa5 Rb6 25. Nc6 Rxc6 26. Ra8+ Kg7 27. Bf8+
Kg8 28. Bh6+ Rc8 29. Rxc8# 1-0

[Event "AUTO-INT-457"]
[Site "http://www.queenalice.com/game.php?id=211720"]
[Date "2007.5.16"]
[Round "1"]
[White "skinhead"]
[Black "IkeBroflovski"]
[Result "1-0"]
[WhiteElo "1460"]
[BlackElo "1661"]

1. d4 e6 2. e4 d5 3. e5 b6 4. c3 Qd7 5. Bg5 h6 6. Bd2 Ba6 7. Bxa6 Nxa6 8. Qe2
Nb8 9. Nf3 Ne7 10. O-O Nf5 11. Re1 c5 12. Bf4 Nc6 13. g4 1-0

[Event "AUTO-INT-457"]
[Site "http://www.queenalice.com/game.php?id=211721"]
[Date "2007.5.16"]
[Round "1"]
[White "IkeBroflovski"]
[Black "skinhead"]
[Result "0-1"]
[WhiteElo "1661"]
[BlackElo "1400"]

1. Nf3 d5 2. d4 Nc6 3. c4 Bg4 4. cxd5 Bxf3 5. gxf3 Qxd5 6. e3 e5 7. Nc3 Bb4 8.
Bd2 Bxc3 9. bxc3 Nf6 10. e4 Nxe4 11. c4 Qxd4 12. fxe4 Qxe4+ 0-1

[Event "bring it on"]
[Site "http://www.queenalice.com/game.php?id=212615"]
[Date "2007.5.18"]
[Round "-"]
[White "skinhead"]
[Black "dac"]
[Result "1-0"]
[WhiteElo "1570"]
[BlackElo "1650"]

1. c4 Nf6 2. Nc3 g6 3. d4 Bg7 4. e4 d6 5. Nf3 O-O 6. Be2 e5 7. Be3 exd4 8. Nxd4
Re8 9. f3 c6 10. Nb3 Be6 11. O-O d5 12. cxd5 cxd5 13. e5 Nfd7 14. f4 a6 15. Nxd5
Nc6 16. Qd2 Ne7 17. Nxe7+ Qxe7 18. Bf3 Rad8 19. Qa5 f6 20. Nd4 1-0

[Event "Challenge"]
[Site "http://www.queenalice.com/game.php?id=214097"]
[Date "2007.5.21"]
[Round "-"]
[White "alexnu"]
[Black "skinhead"]
[Result "0-1"]
[WhiteElo "1744"]
[BlackElo "1614"]

1. g4 d5 2. Bg2 c6 3. h3 e5 4. e4 dxe4 5. Bxe4 Nf6 6. Bg2 Be6 7. Nf3 Nbd7 8. Ng5
Bd5 9. Bxd5 Nxd5 10. d4 Bb4+ 11. c3 Be7 12. Nf3 exd4 13. Qxd4 O-O 14. O-O Bc5
15. Qe4 Re8 16. Qf5 Qf6 17. Qxf6 N7xf6 18. Re1 Ne4 19. Nbd2 Bxf2+ 20. Kg2 Bxe1
21. Nxe1 Nxd2 22. Bxd2 Re2+ 23. Kg3 Rxd2 0-1

[Event "Challenge"]
[Site "http://www.queenalice.com/game.php?id=215023"]
[Date "2007.5.22"]
[Round "-"]
[White "Cuiabano"]
[Black "skinhead"]
[Result "0-1"]
[WhiteElo "1534"]
[BlackElo "1643"]

1. d4 e6 2. Nf3 Nf6 3. Nc3 Bb4 4. a3 Bxc3+ 5. bxc3 d5 6. e3 O-O 7. Bd3 c5 8. O-O
c4 9. Be2 Ne4 10. Qe1 Qa5 11. Bb2 Nc6 0-1

[Event "Challenge"]
[Site "http://www.queenalice.com/game.php?id=216140"]
[Date "2007.5.25"]
[Round "-"]
[White "skinhead"]
[Black "scottw"]
[Result "1/2-1/2"]
[WhiteElo "1643"]
[BlackElo "1050"]

1. c4 e5 2. Nc3 Nf6 3. Nf3 Nc6 4. e3 Be7 5. d4 exd4 6. Nxd4 O-O 7. Bd3 Ne5 8.
Nd5 Nxd5 9. cxd5 Bb4+ 10. Kf1 Nxd3 11. Qxd3 Qf6 12. Kg1 c5 13. Nc2 Ba5 14. e4 d6
15. Qa3 b6 16. f3 Qe5 1/2-1/2

[Event "Challenge"]
[Site "http://www.queenalice.com/game.php?id=216398"]
[Date "2007.5.25"]
[Round "-"]
[White "rbaraldi"]
[Black "skinhead"]
[Result "1-0"]
[WhiteElo "1568"]
[BlackElo "1632"]

1. e4 c6 2. d4 d5 3. e5 Bf5 4. Nf3 e6 5. Bd3 Bxd3 6. Qxd3 Nd7 7. a3 c5 8. c3 Be7
9. Nbd2 cxd4 10. cxd4 Rc8 11. O-O Qc7 12. Nb3 Qc2 13. Qxc2 Rxc2 14. Ne1 Rc4 15.
Nd2 Rxd4 16. Nef3 Rf4 17. Nb3 Re4 18. Be3 Nxe5 19. Nc5 Nxf3+ 20. gxf3 Rc4 21.
Nxb7 1-0

[Event "Challenge"]
[Site "http://www.queenalice.com/game.php?id=225330"]
[Date "2007.6.15"]
[Round "-"]
[White "skinhead"]
[Black "scottw"]
[Result "0-1"]
[WhiteElo "1653"]
[BlackElo "1155"]

1. c4 e5 2. Nc3 Nf6 3. Nf3 Nc6 4. e3 Bb4 5. Qc2 Bxc3 6. Qxc3 O-O 7. Nxe5 d6 8.
Nxc6 bxc6 9. d4 Ne4 10. Qd3 Qe8 11. f3 Nf6 0-1